000 00741nam a2200229 a 4500
001 63607
003 BD-RjUL
005 20211209081220.0
008 170131s1987 bg ||||| |||| 00| 0 ben d
020 _c: Tk. 38.00
035 _a(BD-RjUL)63736
040 _aBD-RjUL
_bben
_cBD-RjUL
041 _aben
082 _223
_a891.4408
_bHOJ 1987
100 1 _aহোসেন, আলী
_9189011
245 1 0 _aযোগীর ভিটা /
_cআলী হোসেন
260 _aঢাকা :
_bমালঞ্চ,
_c১৯৮৭
300 _a১৩৯ পৃ. ;
_c১৯ সেমি.
650 _aবাংলা সাহিত্য
_9171011
_xসমগ্র
650 _aBengali Literature
_xCollection
_9189013
942 _2ddc
_cBK
999 _c63607
_d63607